[Event "Lozovatsky Memorial-A 2020"]
[Site "Chelyabinsk"]
[Date "2020.01.15"]
[Round "1.1"]
[White "Radzhabov, Rodion"]
[Black "Drygalov, Andrey"]
[Result "1/2-1/2"]
[WhiteElo "2381"]
[BlackElo "2492"]
[Annotator "TA"]
[PlyCount "91"]
[EventDate "2020.01.15"]
[EventType "tourn"]
[EventCountry "RUS"]
[SourceTitle "playchess.com"]
[Source "ChessBase"]
[SourceQuality "1"]

{[%evp 15,91,15,19,11,16,4,10,4,2,0,25,19,26,33,35,24,34,19,26,20,19,14,20,17,19,6,14,11,27,14,11,11,16,11,11,11,20,12,64,66,66,66,61,63,66,34,37,38,29,29,50,66,47,0,21,39,38,21,25,22,54,68,106,106,129,126,129,128,126,112,120,104,122,122,122,120,118,100]} 1. Nf3 d5 2. g3 g6 3. d4 Nf6 4. Bg2 Bg7 5. O-O O-O 6. Nbd2 c6 7. Re1 Bf5 8. c3 Nbd7 9. Nh4 {D02: 1 d4 d5 2 Nf3 sidelines, including 2...Nf6 3 g3 and 2...Nf6 3 Bf4} Be6 10. e4 dxe4 11. Nxe4 {The position is equal.} Nxe4 12. Bxe4 Nf6 (12... Bh3 13. Qb3 Qb6 14. Ng2 e5 15. dxe5 Nxe5 16. Nf4 Bf5 {½-½ (65) Vastrukhin,O (2428)-Pashikian,A (2605) Moscow 2019}) 13. Bg2 Qd7 14. Nf3 Rfe8 $146 ({Predecessor:} 14... Rad8 15. Bg5 Rfe8 16. Qa4 {1-0 (32) Petrov,N (2456)-Kasparova,T (2158) Groningen 2015}) 15. Ne5 Qc8 16. Nd3 Bd5 17. Bf4 Bxg2 18. Kxg2 Nd5 19. Qf3 Qf5 20. Be5 (20. Re4 {with more complications.} Rad8 21. Rae1 Nxf4+ 22. Rxf4 Qd5 23. Qxd5 cxd5 24. Rf3) 20... Qxf3+ 21. Kxf3 Rad8 22. Bxg7 Kxg7 23. a4 a5 24. Ra3 e6 25. Rb3 Re7 26. Re5 b5 (26... b6 $11) 27. axb5 $14 a4 28. Rb4 $1 cxb5 29. Rxb5 {And now Ra5 would win.} a3 30. bxa3 {Strongly threatening Rb3.} Nxc3 31. Rb3 Nd5 32. Nc5 Nf6 33. Rb4 $36 {[%mdl 2048] Black is under pressure.} Nd5 34. Rb3 Nf6 35. Rd3 Nd7 36. Nxd7 Rexd7 {[%mdl 4096] Endgame KRR-KRR} 37. Ke3 Rb7 38. a4 {[%cal Ba3a4,Ba4a5,Ba5a6,Ba6a7][%mdl 32]} Rb2 {[#]} 39. Ra3 $1 {White is better.} Rb4 40. a5 Rbxd4 41. a6 {Threatens to win with a7.} R4d7 42. Rb5 Ra8 43. Ke4 Rd6 44. a7 {[#] aiming for Rb8.} Rd7 45. Rba5 Kf6 46. f4 {Accuracy: White = 63%, Black = 52%.} 1/2-1/2

[Event "Lozovatsky Memorial-A 2020"]
[Site "Chelyabinsk"]
[Date "2020.01.15"]
[Round "1.2"]
[White "Bezgodov, Alexei"]
[Black "Korneev, Oleg"]
[Result "1/2-1/2"]
[WhiteElo "2456"]
[BlackElo "2513"]
[Annotator "TA"]
[PlyCount "78"]
[EventDate "2020.01.15"]
[EventType "tourn"]
[EventCountry "RUS"]
[SourceTitle "playchess.com"]
[Source "ChessBase"]
[SourceQuality "1"]

{[%evp 12,78,46,52,37,5,32,31,30,13,62,68,62,58,62,51,54,1,0,0,0,0,0,-116,79,51,46,44,53,46,50,42,49,71,54,66,55,68,102,36,122,36,54,49,49,29,19,0,0,0,0,0,0,0,0,0,0,0,0,0,0,0,0,0,0,0,0,0,0]} 1. e4 c5 2. Nf3 e6 3. d4 cxd4 4. Nxd4 a6 5. Nc3 b5 6. Bd3 Qb6 7. Nf3 Qc7 {B43: Sicilian: Kan Variation: 5 Nc3} 8. e5 Bb7 9. O-O f5 {White is slightly better.} 10. Re1 Be7 11. Nd4 g6 12. a4 b4 13. Na2 Nc6 14. c3 $146 (14. Nxc6 $14 Qxc6 15. Bf1) ({Predecessor:} 14. Nxc6 Bxc6 15. Bd2 Qb7 16. Bf1 Bc5 17. Nc1 a5 18. Nd3 Bb6 19. c3 bxc3 20. bxc3 {½-½ (20) Nagy,G (2470)-Balogh,C (2631) Slovakia 2018}) 14... bxc3 $11 15. bxc3 Nxe5 16. Bf4 Bd6 {...Nf6 is the strong threat.} 17. Nb4 (17. Bb5 $11 {remains equal.} Kf7 18. Bxd7 Nxd7 19. Nxe6) 17... Ne7 $2 ({Much worse is} 17... Qxc3 $6 18. Rxe5 Qxb4 19. Nxe6 $1 $11 {[%mdl 512]}) (17... Nf6 $1 $17 {stays on course. Strongly threatening ...0-0.} 18. Nxa6 Bxa6 19. Bxa6 Rxa6) 18. Bxa6 Bxa6 19. Nxa6 Rxa6 20. Nb5 Qc5 21. Nxd6+ {[%mdl 64] Remove Defender} Rxd6 {[#]} 22. Qxd6 $1 {[%mdl 512]} Qxd6 23. Bxe5 Qa6 24. Bxh8 Nc6 {[#]} 25. Bd4 (25. a5 $1 $16) 25... Kf7 ({Black should play} 25... Na5 $14) 26. Reb1 ({Better is} 26. a5 $1 $16) 26... Nxd4 27. cxd4 $14 {[%cal Bc3d4,Bd4d5][%mdl 4128] Endgame KQ-KRR} Qa5 $1 28. d5 e5 29. d6 {The position is equal.} h5 30. h4 (30. Rb5 {keeps more tension.} Qc3 31. Rab1 e4 32. a5 Qa3 33. h3) 30... e4 31. g3 Kf6 32. Rb3 g5 33. hxg5+ Kxg5 34. Kg2 Kg4 35. Rb8 {[%cal Rb8g8]} Kg5 36. Ra3 Qd5 {And now ...e3+ would win.} 37. Re3 Qa5 38. Ra3 Qd5 {aiming for ...e3+.} 39. Re3 Qa5 {Accuracy: White = 57%, Black = 67%.} 1/2-1/2

[Event "Lozovatsky Memorial-A 2020"]
[Site "Chelyabinsk"]
[Date "2020.01.15"]
[Round "1.3"]
[White "Harutjunyan, Gevorg"]
[Black "Gutenev, Alexander"]
[Result "1/2-1/2"]
[WhiteElo "2444"]
[BlackElo "2457"]
[Annotator "TA"]
[PlyCount "138"]
[EventDate "2020.01.15"]
[EventType "tourn"]
[EventCountry "RUS"]
[SourceTitle "playchess.com"]
[Source "ChessBase"]
[SourceQuality "1"]

{[%evp 17,138,9,24,4,17,7,52,57,122,120,124,106,112,106,114,110,118,98,136,127,127,138,127,123,148,0,170,88,135,39,27,38,51,42,53,0,0,0,33,16,118,125,124,100,108,117,133,110,115,99,119,116,118,-8,-8,-8,-8,-10,-5,-141,-66,-61,-17,-25,-13,-12,-16,-14,-11,-47,-48,-211,-214,-208,-212,-206,-206,-214,-20,-20,-20,-20,-20,-20,-14,-14,-14,-14,0,-230,-188,-117,-81,-81,-20,-19,0,-81,-81,-64,-93,-90,-39,-45,-48,-42,0,0,0,0,0,0,0,0,0,0,0,0,11,11,11,0,11]} 1. e4 c5 2. Nf3 Nc6 3. d4 cxd4 4. Nxd4 Nf6 5. Nc3 d6 6. Bc4 e6 7. Be3 a6 8. Qe2 Be7 9. O-O-O Qc7 10. Nxc6 {B89: Sicilian: Velimirovic Attack} (10. Bb3 O-O 11. g4 Nxd4 12. Rxd4 b5 13. g5 Nd7 14. Rg1 Re8 15. Rg3 Bb7 16. Rh3 g6 17. f4 Nc5 18. f5 Nxb3+ 19. axb3 exf5 20. Qf2 b4 21. Nd5 Bxd5 22. Rxd5 {1-0 (50) Aronian,L (2764)-Grischuk,A (2766) Leuven 2018}) 10... Qxc6 11. Bd3 Bd7 $146 ({Predecessor:} 11... Nd7 12. f4 Nc5 13. Bd4 O-O 14. f5 f6 15. Qh5 b5 16. a3 Rb8 17. Rhf1 Qe8 {½-½ (33) Straka,Z (2568)-Miras Garcia,E (2527) ICCF email 2015}) 12. g4 {White is slightly better.} O-O-O (12... d5 $14) 13. g5 $16 Ne8 14. f4 Kb8 15. h4 Rc8 16. Bf2 b5 17. a4 {[%cal Ra4b5]} Nc7 18. axb5 axb5 19. Qe3 {[%csl Gf2][%cal Re3a7]} Qc5 20. Qf3 Qb4 21. Qe3 {[%csl Gf2][%cal Re3a7]} Qc5 $1 22. Qe1 (22. Qg3 $1 $18 Qc6 23. Kd2) 22... Qb4 23. Rh3 (23. Qe2 $16) 23... Kb7 $1 $14 24. Qe3 $40 {[%mdl 128] White threatens Qb6+ and mate. White mounts an attack.} Qc5 25. Qf3 Qb4 26. Bf1 (26. f5 $14) 26... Ra8 $11 27. Nb1 Ra1 (27... d5 $5) 28. Bd4 $1 {[%cal Rd4g7]} ({Of course not} 28. Qe3 Qa5 $15) 28... Rha8 {[#]} (28... Bc6 $11 {keeps the balance.}) 29. Bc3 $1 $16 {[%cal Rc3b4]} Qa4 30. b3 Qa3+ 31. Kd2 Qc5 32. Bxa1 Rxa1 33. Qe3 Qb4+ 34. Qc3 d5 35. Ke2 (35. Qxb4 $16 Bxb4+ 36. Nc3 Bxc3+ 37. Rxc3 Rxd1+ 38. Kxd1) 35... e5 $11 36. Qxb4 Bg4+ 37. Kf2 $1 Bxb4 38. Rc1 (38. Rhd3 $11 {was the only way to keep the balance.}) 38... Bc5+ ({Black should play} 38... exf4 $17 39. Rf3 Bc5+ 40. Kg2 Be3 41. Rxe3 fxe3) 39. Kg3 $15 Bxh3 (39... Ba3 {seems wilder.} 40. Re1 Bb4 41. Rc1 Bxh3 42. Kxh3 Kb6) 40. Kxh3 dxe4 41. Bg2 exf4 42. Bxe4+ Kb6 43. Bxh7 Nd5 44. Nc3 $2 (44. c4 $15 bxc4 45. bxc4) 44... Rxc1 $19 45. Nxd5+ {[%mdl 4096] Endgame KRB-KBN} Kc6 46. Nxf4 g6 {Threatens to win with ...Bd6.} 47. Nd3 Rxc2 $2 (47... Rf1 $19 48. Bg8 Bd6) 48. Ne5+ $11 Kd5 49. Nxf7 Rc3+ 50. Kg4 Rxb3 51. Bxg6 Rb4+ 52. Kg3 Rb3+ 53. Kg2 $2 (53. Kg4 $11 {and White stays safe.}) 53... Rb2+ 54. Kf3 Ke6 55. Nd8+ Kd7 ({Better is} 55... Ke7 $17 56. Nc6+ Kd6) 56. Nf7 Ke6 (56... Ke7 $11 57. Ke4 Rf2) 57. Nd8+ $17 Ke7 58. Nc6+ Kd6 59. Nd8 {[#]} Bb6 (59... Rf2+ $1 $17 60. Ke4 Bb6 61. Nf7+ Ke6) 60. Nf7+ $1 $15 Ke6 61. Nh6 $1 b4 62. Bf7+ {The position is equal.} Ke7 {Hoping for ...b3.} 63. g6 Rf2+ 64. Ke4 {Strongly threatening g7.} Kf8 {And now ...Re2+ would win.} 65. Nf5 Bc7 {White must now prevent ...Rf4+.} 66. Nd4 $1 {[%cal Rd4e6] Ne6+ is the strong threat.} Rf4+ 67. Ke3 {aiming for Ne6+.} Rxd4 68. Kxd4 Kg7 69. Kc4 Bd8 {Accuracy: White = 62%, Black = 52%.} 1/2-1/2

[Event "Lozovatsky Memorial-A 2020"]
[Site "Chelyabinsk"]
[Date "2020.01.15"]
[Round "1.4"]
[White "Badelka, Olga"]
[Black "Remizov, Yaroslav"]
[Result "1-0"]
[WhiteElo "2392"]
[BlackElo "2382"]
[Annotator "TA"]
[PlyCount "67"]
[EventDate "2020.01.15"]
[EventType "tourn"]
[EventCountry "RUS"]
[SourceTitle "playchess.com"]
[Source "ChessBase"]
[SourceQuality "1"]

{[%evp 9,67,12,6,0,0,0,12,0,0,-10,0,-13,-12,-18,0,-1,0,-22,-24,-10,-17,-53,-22,-18,-19,-16,0,4,4,-48,8,8,5,0,0,-87,-79,-322,-308,-297,-254,-210,-188,-184,-115,-219,-204,-243,-170,-160,-162,-145,-157,-157,408,385,677,664,29993,29994]} 1. Nf3 d5 2. g3 Bg4 3. Bg2 Nd7 4. c4 e6 5. b3 Ngf6 6. Bb2 {A07: Réti Opening: New York and Capablanca Systems} Be7 (6... c6 7. h3 Bxf3 8. Bxf3 Bd6 9. Bg2 O-O 10. O-O a5 11. a4 Re8 12. e3 Nc5 13. d4 Nce4 14. Qc2 Bb4 {0-1 (63) Fernandez,D (2505)-Yilmaz,M (2619) Reykjavik 2018}) 7. O-O O-O 8. h3 {The position is equal.} Bh5 9. d3 h6 $146 ({Predecessor:} 9... a5 10. Nc3 c6 11. Qc2 Nc5 12. Rad1 Qb8 13. e4 b5 14. g4 b4 15. Ne2 dxe4 16. dxe4 Bg6 {½-½ (16) Clemens,C (2250)-Raedeker,B (2088) Eckernfoerde 2010}) 10. Nc3 c6 11. Re1 Bg6 12. e4 dxe4 13. dxe4 Nc5 14. Ne5 Bh7 15. b4 Ncd7 16. Nxd7 Nxd7 17. c5 a5 18. a3 b6 19. b5 (19. cxb6 $11 Nxb6 20. Qb3) 19... cxb5 (19... Nxc5 $15 20. bxc6 Rc8) 20. c6 $11 Ne5 21. Nxb5 Nxc6 22. Qa4 (22. e5 $11 Qxd1 23. Rexd1) 22... Bc5 $36 {[%mdl 2048] White is under strong pressure.} 23. e5 $2 (23. Rad1 $17 Qg5 24. Nc7) 23... Qd2 $1 $19 {[%csl LRb2,LRf2][%mdl 64] Double Attack} 24. Bc3 Qxf2+ {[%mdl 64] Double Attack} 25. Kh2 {intending Rf1.} Rac8 26. Nd6 {[#]} Rc7 (26... Bxd6 $1 $19 27. exd6 Nb4 28. Bxb4 Rc2) 27. Rac1 (27. Nb5 $17 {was forced.} Rcc8 28. Nd6) 27... Ne7 {Hoping for ...Nd5.} 28. Rf1 Qe3 {Threatens to win with ...Nd5.} 29. Bd4 Bxd4 30. Rxc7 Bxe5 31. Rf3 {[#]} Qg5 $2 {[#]} (31... Qe1 $1 $17 {stays on course.} 32. Rxe7 Bxd6) 32. Nxf7 $1 $18 {[%mdl 512]} Qxg3+ $2 (32... b5 33. Nxg5 bxa4 34. Rxf8+ (34. Rxe7 hxg5 35. Rxe6 Rxf3 $18) 34... Kxf8) (32... Rxf7 33. Qe8+) 33. Rxg3 Nf5 34. Nxe5 {Accuracy: White = 32%, Black = 63%.} 1-0

[Event "Lozovatsky Memorial-A 2020"]
[Site "Chelyabinsk"]
[Date "2020.01.15"]
[Round "1.5"]
[White "Salemgareev, Tagir"]
[Black "Kostenko, Petr"]
[Result "1/2-1/2"]
[WhiteElo "2458"]
[BlackElo "2433"]
[Annotator "TA"]
[PlyCount "120"]
[EventDate "2020.01.15"]
[EventType "tourn"]
[EventCountry "RUS"]
[SourceTitle "playchess.com"]
[Source "ChessBase"]
[SourceQuality "1"]

{[%evp 15,120,25,33,16,17,12,14,-40,-33,-26,-46,-47,-38,-45,-6,-19,-22,-115,-124,-98,-83,-102,-72,-76,-71,-89,-79,-89,-79,-112,-105,-110,-110,-104,-104,-101,-108,-108,-112,-177,-176,-169,-145,-180,-108,-120,-23,-23,-41,-93,-39,-58,-46,-48,-58,-56,-33,-39,-30,-74,-26,-27,-21,-21,-25,-55,-54,-55,-53,-73,-82,-271,-248,-291,-247,-284,-271,-262,0,0,0,0,0,0,0,0,0,0,0,0,0,0,0,0,0,0,0,0,0,0,0,0,0,0,0,0,0]} 1. d4 e6 2. Nf3 f5 3. g3 Nf6 4. Bg2 d5 5. O-O Bd6 6. c4 O-O 7. Nc3 c6 8. Qc2 Qe7 9. Rb1 {A90: Dutch Defence: Miscellaneous and Modern Stonewall (with ...Bd6)} Nbd7 {[%cal Bb8d7,Bd7b6,Bb6c4][%mdl 32]} (9... Bd7 10. c5 Bc7 11. b4 Ne4 12. Nxe4 fxe4 13. Bg5 Qf7 14. Ne5 Bxe5 15. dxe5 Be8 16. f3 Nd7 17. fxe4 {½-½ (48) Wojtaszek,R (2750)-Sadzikowski,D (2588) Warsaw 2018}) 10. Bg5 h6 11. Bf4 ({White should try} 11. Bc1 $11) 11... Bxf4 $15 12. gxf4 dxc4 13. Nd2 $146 ({Predecessor:} 13. e3 Nd5 14. Ne2 b5 15. b3 Ba6 16. Rfc1 cxb3 17. Qxb3 {½-½ (75) Czerwonski,A (2379)-Lyell,M (2276) Budapest 2018}) 13... Nd5 14. e3 N7b6 15. b3 cxb3 16. Nxb3 (16. Rxb3 $11 {keeps the balance.} g5 17. fxg5) 16... Nc4 $17 17. Qd3 Nd6 18. Na5 Kh7 19. Ne2 Rg8 20. Kh1 g6 21. Rb2 Rg7 22. Nc4 Nxc4 23. Qxc4 b6 24. a4 Bb7 25. a5 Rc8 26. axb6 axb6 27. Ra1 {[#]} (27. Bxd5 $17 exd5 28. Qd3) 27... c5 $1 $19 28. dxc5 Rxc5 ({Resist} 28... Qxc5 29. Qxc5 bxc5 30. Rb5 $17) 29. Qd4 Bc6 (29... g5 $19 30. fxg5 Rxg5) 30. Rba2 Ra5 (30... g5 $17 31. fxg5 Qxg5) 31. Rxa5 $11 bxa5 32. Nc3 (32. Rxa5 $15 Qb7 33. Qc4) 32... Nxc3 (32... Nb4 $17 33. Bxc6 Nxc6) 33. Bxc6 $15 Qb4 34. Qxb4 $1 axb4 {[%mdl 4096] Endgame KRB-KRN} 35. Ra6 g5 36. fxg5 Rxg5 37. h4 Rg7 {White must now prevent ...Nd1.} 38. Bf3 e5 {Threatens to win with ...e4.} 39. Rb6 e4 40. Bh5 {[#]} f4 $1 {[%cal Rf4f3][%mdl 512]} 41. exf4 Nd5 $1 {[%csl LRb6,LRf4][%mdl 64] Double Attack} 42. Rb5 Nxf4 43. Bd1 $2 (43. Be8 $17) 43... Nd3 $19 44. Bc2 Nxf2+ 45. Kh2 Nd3 46. h5 {intending Bxd3.} Rc7 $2 (46... Rg5 $19 47. Rb7+ Kg8) 47. Bxd3 $1 $11 {The position is equal.} exd3 48. Rxb4 {KR-KR} Rd7 (48... d2 $5 49. Rd4 $8 Kg7 $11) 49. Rb1 Kg7 {And now ...Kf6 would win.} (49... d2 $5 50. Rd1 $8 Kg7 $11) 50. Kg3 Kf6 {...d2 is the strong threat.} (50... d2 $5 51. Rd1 $8 Kf6 $11) 51. Kf4 Rd5 (51... d2 $5 52. Rd1 $8 Rd6 $11) 52. Rd1 Ke6 53. Ke3 Rxh5 54. Rxd3 Rh3+ 55. Ke2 Rxd3 56. Kxd3 Kf5 57. Ke3 Kg4 {( -> ...Kg3)} 58. Kf2 h5 59. Kg2 h4 60. Kh2 Kf3 {Accuracy: White = 52%, Black = 66%.} 1/2-1/2

[Event "Lozovatsky Memorial-A 2020"]
[Site "Chelyabinsk"]
[Date "2020.01.16"]
[Round "2.1"]
[White "Drygalov, Andrey"]
[Black "Kostenko, Petr"]
[Result "1/2-1/2"]
[WhiteElo "2492"]
[BlackElo "2433"]
[Annotator "ChessBase"]
[PlyCount "124"]
[EventDate "2020.01.15"]
[EventType "tourn"]
[EventCountry "RUS"]
[SourceTitle "playchess.com"]
[Source "ChessBase"]
[SourceQuality "1"]
[TimeControl "5400+30"]

1. e4 {[%emt 0:00:00]} e5 {[%emt 0:02:27]} 2. Nf3 {[%emt 0:00:00]} Nc6 {[%emt 0:00:10]} 3. Bc4 {[%emt 0:00:00]} Nf6 {[%emt 0:00:10]} 4. d3 {[%emt 0:00:00]} h6 {[%emt 0:00:11]} 5. c3 {[%emt 0:00:20]} d6 {[%emt 0:00:20]} 6. O-O {[%emt 0:00:25]} g5 {[%emt 0:00:59]} 7. Re1 {[%emt 0:03:38]} g4 {[%emt 0:00:52]} 8. Nfd2 {[%emt 0:00:05]} h5 {[%emt 0:00:10]} 9. Nf1 {[%emt 0:07:01]} h4 {[%emt 0:00:14]} 10. Bg5 {[%emt 0:04:38]} Rh5 {[%emt 0:00:13]} 11. Qc1 {[%emt 0:02:12]} Be7 {[%emt 0:06:02]} 12. Bxf6 {[%emt 0:21:36]} Bxf6 {[%emt 0:00:11]} 13. Qd1 {[%emt 0:00:27]} Bg7 {[%emt 0:00:29]} 14. Na3 {[%emt 0:00:57]} a6 {[%emt 0:03:21]} 15. Nc2 {[%emt 0:05:15]} Qg5 {[%emt 0:00:43]} 16. Nce3 {[%emt 0:01:06]} Ne7 {[%emt 0:05:53]} 17. a4 {[%emt 0:01:49]} Rh6 {[%emt 0:06:06]} 18. Qb3 {[%emt 0:06:59]} Qh5 {[%emt 0:08:28]} 19. Qd1 {[%emt 0:10:16]} Qg6 {[%emt 0:06:54]} 20. Qb3 {[%emt 0:05:37]} Bf6 {[%emt 0:11:46]} 21. Rad1 {[%emt 0:01:00]} Rh7 {[%emt 0:00:31]} 22. d4 {[%emt 0:01:40]} Kf8 {[%emt 0:01:28]} 23. Rd2 {[%emt 0:07:04]} Rh5 {[%emt 0:03:28]} 24. Qd1 {[%emt 0:01:39]} Bd7 {[%emt 0:03:49]} 25. Be2 {[%emt 0:04:06]} Rg5 {[%emt 0:00:14]} 26. Nc4 {[%emt 0:00:43]} h3 {[%emt 0:09:19]} 27. Ng3 {[%emt 0:07:37]} hxg2 {[%emt 0:00:13]} 28. dxe5 {[%emt 0:00:05]} Bxe5 {[%emt 0:00:03]} 29. Nxe5 {[%emt 0:00:03]} Rxe5 {[%emt 0:00:07]} 30. f4 {[%emt 0:00:21]} gxf3 {[%emt 0:03:17]} 31. Bxf3 {[%emt 0:00:41]} Qh6 {[%emt 0:00:12]} 32. Rf2 {[%emt 0:01:06]} Re8 {[%emt 0:01:43]} 33. Bxg2 {[%emt 0:00:20]} Be6 {[%emt 0:01:03]} 34. Qf3 {[%emt 0:01:34]} Nc6 {[%emt 0:01:00]} 35. Qf4 {[%emt 0:02:42]} Qxf4 {[%emt 0:00:13]} 36. Rxf4 {[%emt 0:00:05]} Rg5 {[%emt 0:01:04]} 37. Rh4 {[%emt 0:00:31]} Ke7 {[%emt 0:00:38]} 38. Bh3 {[%emt 0:02:03]} Ne5 {[%emt 0:00:13]} 39. Rf1 {[%emt 0:00:03]} Reg8 {[%emt 0:00:45]} 40. Bxe6 {[%emt 0:00:13]} fxe6 {[%emt 0:00:25]} 41. Rh7+ {[%emt 0:00:18]} R5g7 {[%emt 0:00:06]} 42. Rxg7+ {[%emt 0:00:11]} Rxg7 {[%emt 0:00:06]} 43. b3 {[%emt 0:02:21]} a5 {[%emt 0:01:07]} 44. b4 {[%emt 0:01:14]} Nd7 {[%emt 0:02:54]} 45. Rb1 {[%emt 0:00:25]} Rg5 {[%emt 0:01:14]} 46. Kg2 {[%emt 0:00:38]} Kf6 {[%emt 0:04:45]} 47. h4 {[%emt 0:00:56]} Rg8 {[%emt 0:00:04]} 48. Rf1+ {[%emt 0:00:13]} Ke5 {[%emt 0:01:26]} 49. Rf7 {[%emt 0:00:55]} Nf6 {[%emt 0:00:06]} 50. Kf3 {[%emt 0:00:07]} b6 {[%emt 0:04:43]} 51. Rxc7 {[%emt 0:01:01]} Rf8 {[%emt 0:01:23]} 52. Ke2 {[%emt 0:00:49]} axb4 {[%emt 0:00:21]} 53. cxb4 {[%emt 0:00:10]} Ra8 {[%emt 0:00:02]} 54. Rb7 {[%emt 0:01:01]} Rxa4 {[%emt 0:00:06]} 55. Rxb6 {[%emt 0:00:10]} Kf4 {[%emt 0:01:32]} 56. Rxd6 {[%emt 0:00:20]} Kxg3 {[%emt 0:00:12]} 57. Rxe6 {[%emt 0:00:03]} Nh5 {[%emt 0:00:38]} 58. Rb6 {[%emt 0:00:23]} Ra3 {[%emt 0:00:06]} 59. Kd2 {[%emt 0:00:23]} Kf4 {[%emt 0:00:24]} 60. Rb8 {[%emt 0:00:33]} Ng3 {[%emt 0:00:13]} 61. b5 {[%emt 0:00:19]} Nxe4+ {[%emt 0:04:18]} 62. Kc2 {[%emt 0:00:04]} Nd6 {[%emt 0:02:12]} 1/2-1/2

[Event "Lozovatsky Memorial-A 2020"]
[Site "Chelyabinsk"]
[Date "2020.01.16"]
[Round "2.2"]
[White "Remizov, Yaroslav"]
[Black "Salemgareev, Tagir"]
[Result "1-0"]
[WhiteElo "2382"]
[BlackElo "2458"]
[Annotator "TA"]
[PlyCount "119"]
[EventDate "2020.01.15"]
[EventType "tourn"]
[EventCountry "RUS"]
[SourceTitle "playchess.com"]
[Source "ChessBase"]
[SourceQuality "1"]

{[%evp 16,119,41,12,15,16,29,29,29,26,28,30,29,2,24,15,29,17,20,20,25,26,34,20,22,13,46,33,37,31,43,20,49,17,17,25,8,14,19,18,25,28,37,37,96,118,131,134,269,260,155,124,246,245,494,494,492,491,479,481,492,489,474,480,451,468,410,397,550,558,754,669,791,806,782,779,870,787,779,795,795,763,845,845,1302,1304,1296,1430,9233,8933,1922,1903,29966,29969,29967,29968,5639,6087,29977,29980,29979,29980,29981,29982,29980,29979]} 1. e4 c5 2. Nf3 d6 3. d4 cxd4 4. Nxd4 Nf6 5. Nc3 a6 6. Be3 e5 7. Nb3 Be6 8. f3 Nc6 9. Qd2 (9. Nd5 {keeps more tension.} Bxd5 10. exd5 Ne7 11. c4 g6 12. Bd3) 9... d5 {B90: Sicilian Najdorf: Unusual White 6th moves, 6 Be3 Ng4 and 6 Be3 e5} 10. exd5 Nxd5 11. Nxd5 Qxd5 {White has an edge.} 12. Qxd5 Bxd5 13. O-O-O O-O-O 14. Bb6 (14. Bd3 Kc7 15. a3 Be7 16. Rhe1 h6 17. Bf2 Bxb3 18. cxb3 {½-½ (45) Nakamura,H (2749)-Grandelius,N (2682) Caleta 2019}) 14... Rd7 15. Bd3 g6 16. Rhe1 Be7 $146 ({Predecessor:} 16... f5 17. Bf1 {1-0 (41) Zapata,A (2500)-Gonzalez Rodriguez,J (2375) Columbia 1988}) 17. Nc5 Bxc5 18. Bxc5 Kc7 19. a3 Rhd8 20. Bf2 Re8 21. Rd2 f6 22. Bh4 g5 23. Bf2 Red8 24. Bf5 Be6 $1 25. Rxd7+ Bxd7 26. Be4 $36 {[%mdl 2048] Black is under pressure.} h6 27. h4 g4 28. h5 gxf3 29. Bxf3 Bf5 (29... f5 $14) 30. Be3 $16 Nd4 {[#]} 31. Bd1 $1 Kd6 {[#]} (31... Bc8 $16) 32. Rf1 $1 $18 {Bxd4 is the strong threat.} ({Inferior is} 32. Bxh6 Bxc2 33. Be3 (33. Bxc2 Rc8 $11) 33... Bxd1 $11) 32... Ke6 33. Bxh6 {Threatens to win with g4.} Bh7 (33... Rc8 $16 {keeps fighting.}) 34. g4 Rd7 $2 (34... e4 35. c3 Nf3) 35. c3 Rc7 36. Kd2 Nb5 37. Bb3+ Ke7 38. Bg7 Rc6 39. g5 fxg5 40. Rf7+ Ke8 41. Rxb7 Rd6+ 42. Kc1 Be4 43. Rb8+ Kd7 44. h6 Bf5 45. Rf8 Bh7 46. Bg8 Bd3 47. h7 Bxh7 48. Bxh7 g4 49. Bxe5 Rh6 50. Bf5+ {[%mdl 64] Double Attack} Ke7 51. Rh8 Rxh8 52. Bxh8 g3 53. Be5 g2 54. Bh2 Nd6 55. Bh3 Nc4 56. Bxg2 Kd7 57. Bf1 {White mates.} Ne3 58. Bxa6 Kc6 59. a4 Nd5 60. Kd2 {Accuracy: White = 82%, Black = 38%.} 1-0

[Event "Lozovatsky Memorial-A 2020"]
[Site "Chelyabinsk"]
[Date "2020.01.16"]
[Round "2.3"]
[White "Gutenev, Alexander"]
[Black "Badelka, Olga"]
[Result "1/2-1/2"]
[WhiteElo "2457"]
[BlackElo "2392"]
[Annotator "TA"]
[PlyCount "45"]
[EventDate "2020.01.15"]
[EventType "tourn"]
[EventCountry "RUS"]
[SourceTitle "playchess.com"]
[Source "ChessBase"]
[SourceQuality "1"]

{[%evp 20,45,21,6,6,9,12,4,20,19,16,19,14,15,18,0,0,-1,0,0,0,0,0,0,0,0,0,0]} 1. e4 c5 2. Nf3 Nc6 3. d4 cxd4 4. Nxd4 Nf6 5. Nc3 e5 6. Ndb5 d6 7. Bg5 a6 8. Na3 b5 9. Nd5 Be7 10. Bxf6 Bxf6 11. c4 {The position is equal.} b4 {B33: Sicilian: Pelikan and Sveshnikov Variations} 12. Nc2 O-O 13. g3 Be6 (13... Bg5 14. Bg2 a5 15. O-O Ne7 16. Nce3 Bxe3 17. Nxe3 Be6 18. b3 Ra7 19. Qd3 {½-½ (52) Nepomniachtchi,I (2776)-Yu,Y (2763) Khanty-Mansiysk 2019}) 14. Bg2 a5 15. O-O Bxd5 16. cxd5 Nb8 {[%cal Bc6b8,Bb8a6,Ba6c5][%mdl 32]} 17. a3 bxa3 18. Rxa3 Na6 19. Qa1 $146 ({Predecessor:} 19. Qf3 Qc7 20. Rc3 Nc5 {½-½ (30) Urban,M (2254)-Sesko,M (2199) ICCF email 2014}) 19... Nc5 20. b4 axb4 21. Nxb4 Rxa3 22. Qxa3 Qa8 23. Ra1 1/2-1/2